Catalog

Record Details

Catalog Search



Od osamění k nové rodině  Cover Image Book Book

Od osamění k nové rodině / Jana Marhounová ; [doslov Julius Janovský ; ilustroval Miloslav Jágr]

Record details

  • Physical Description: 123 s. : il. ; 20 cm
  • Edition: 1. vyd.
  • Publisher: Praha : Státní pedagogické nakladatelství, 1988

Content descriptions

Bibliography, etc. Note:
Obsahuje bibliografii
Subject: děti
rodinná výchova
Genre: příručky

Available copies

  • 1 of 1 copy available at Common Catalog SPOK.

Holds

  • 0 current holds with 1 total copy.
Show Only Available Copies
Location Call Number / Copy Notes Barcode Shelving Location Status Due Date
Jabok Library Ped-8.2.2/M 424480002632 Odborná literatura Available -

LDR 01697nam a22005173a 4500
0018493
003CZ-PrJAB
00520170327092253.0
007ta
008980520s1988 xr ||| | cze d
015 . ‡acnb000040398
035 . ‡a(CZ PrSKC)m0192527
035 . ‡a(OCoLC)39423196
040 . ‡aCBA001 ‡bcze
080 . ‡a173 ‡2MRF
080 . ‡a37.01 ‡2MRF
1001 . ‡aMarhounová, Jana, ‡d1941-1998 ‡7nlk19990073535 ‡4aut
24510. ‡aOd osamění k nové rodině / ‡cJana Marhounová ; [doslov Julius Janovský ; ilustroval Miloslav Jágr]
250 . ‡a1. vyd.
260 . ‡aPraha : ‡bStátní pedagogické nakladatelství, ‡c1988
300 . ‡a123 s. : ‡bil. ; ‡c20 cm
4901 . ‡aKnihy pro rodiče
504 . ‡aObsahuje bibliografii
650 7. ‡aděti ‡7ph114392 ‡2czenas
650 7. ‡arodinná výchova ‡7ph125184 ‡2czenas
655 7. ‡apříručky ‡7fd133209 ‡2czenas
830 0. ‡aKnihy pro rodiče
910 . ‡aABG312
901 . ‡a8493 ‡bUnknown ‡c8493 ‡tbiblio

Additional Resources